| 000 | 00791cam a22002413a 4500 | ||
|---|---|---|---|
| 001 | 18915 | ||
| 003 | PGUSA | ||
| 005 | 20140828083412.0 | ||
| 008 | 060726s2006||||xxu|||||s|||||000 p eng d | ||
| 040 |
_aPGUSA _beng |
||
| 042 | _adc | ||
| 050 | 4 | _aPR | |
| 100 | 1 |
_aBowles, William Lisle, _d1762-1850 |
|
| 245 | 1 | 4 |
_aThe Poetical Works of William Lisle Bowles, Vol. 1 : _bWith Memoir, Critical Dissertation, and Explanatory Notes by George Gilfillan _h[electronic resource] / _cWilliam Lisle Bowles |
| 260 |
_bProject Gutenberg, _c2006 |
||
| 506 | _aPublic domain in the USA. | ||
| 516 | _aElectronic text | ||
| 653 | _aEnglish poetry | ||
| 700 | 1 |
_aGilfillan, George, _d1813-1878 |
|
| 830 | 0 |
_aProject Gutenberg _v18915 |
|
| 856 | 4 | 0 | _uhttp://www.gutenberg.org/ebooks/18915 |
| 942 | _cEB | ||
| 999 |
_c248170 _d248170 |
||